| 000 | 00704nam a2200229 a 4500 | ||
|---|---|---|---|
| 003 | OSt | ||
| 005 | 20141020163124.0 | ||
| 008 | 020226s1994 mex 001 0 spa d | ||
| 020 | _a968-18-1272-7 | ||
| 040 | _cBMC | ||
| 082 | _a658.15 | ||
| 100 | 1 |
_aBolten, Steven E. _926446 |
|
| 245 | 1 | 0 |
_aAdministración financiera _cSteven E. Bolten ; [traducción, Ricardo Calvet Pérez] |
| 250 | _a6ª reimp. | ||
| 260 |
_aMéxico D.F. [etc.] _bLimusa _ccop. 1994 |
||
| 300 |
_a895 p. _c25 cm |
||
| 490 | _aAdministración | ||
| 595 | _aTraducción de: Managerial finance, principles and practice | ||
| 650 | 2 | 4 |
_aEmpresas _xFinanzas _95713 |
| 700 | 1 |
_95028 _aCalvet Pérez, Ricardo |
|
| 942 |
_2ddc _cBK |
||
| 999 |
_c14490 _d14490 |
||